LIBRARY ONLINE CATALOGUE

How to be an atheist : (Record no. 21779)

MARC details
000 -LEADER
fixed length control field 01333cam a2200373 i 4500
001 - CONTROL NUMBER
control field 18661555
003 - CONTROL NUMBER IDENTIFIER
control field OSt
005 - DATE AND TIME OF LATEST TRANSACTION
control field 20260703151730.0
008 - FIXED-LENGTH DATA ELEMENTS--GENERAL INFORMATION
fixed length control field 150616s2016 ilua b 001 0 eng
010 ## - LIBRARY OF CONGRESS CONTROL NUMBER
LC control number 2015023759
020 ## - INTERNATIONAL STANDARD BOOK NUMBER
International Standard Book Number 9781433542985
Qualifying information tp
035 ## - SYSTEM CONTROL NUMBER
System control number 18661555
040 ## - CATALOGING SOURCE
Original cataloging agency DLC
Language of cataloging eng
Transcribing agency DLC
Description conventions rda
Modifying agency DLC
042 ## - AUTHENTICATION CODE
Authentication code pcc
050 00 - LIBRARY OF CONGRESS CALL NUMBER
Classification number BT1212
Item number .S76 2016
082 00 - DEWEY DECIMAL CLASSIFICATION NUMBER
Classification number 239
Edition number 23
100 1# - MAIN ENTRY--PERSONAL NAME
Personal name Stokes, Mitch.
245 10 - TITLE STATEMENT
Title How to be an atheist :
Remainder of title why many skeptics aren't skeptical enough /
Statement of responsibility, etc. Mitch Stokes ; foreword by J. P. Moreland.
264 #1 - PRODUCTION, PUBLICATION, DISTRIBUTION, MANUFACTURE, AND COPYRIGHT NOTICE
Place of production, publication, distribution, manufacture Wheaton :
Name of producer, publisher, distributor, manufacturer Crossway,
Date of production, publication, distribution, manufacture, or copyright notice 2016.
300 ## - PHYSICAL DESCRIPTION
Extent 255 pages :
Other physical details illustrations ;
Dimensions 23 cm
336 ## - CONTENT TYPE
Content type term text
Content type code txt
Source rdacontent
337 ## - MEDIA TYPE
Media type term unmediated
Media type code n
Source rdamedia
338 ## - CARRIER TYPE
Carrier type term volume
Carrier type code nc
Source rdacarrier
504 ## - BIBLIOGRAPHY, ETC. NOTE
Bibliography, etc Includes bibliographical references (pages 243-248) and index.
583 ## - ACTION NOTE
Action Cataloguing:
Time/date of action 20260703
Action agent gtanuigtanui
650 #0 - SUBJECT ADDED ENTRY--TOPICAL TERM
Topical term or geographic name as entry element Apologetics.
650 #0 - SUBJECT ADDED ENTRY--TOPICAL TERM
Topical term or geographic name as entry element Christianity and atheism.
650 #0 - SUBJECT ADDED ENTRY--TOPICAL TERM
Topical term or geographic name as entry element Atheism.
650 #0 - SUBJECT ADDED ENTRY--TOPICAL TERM
Topical term or geographic name as entry element Skepticism.
776 08 - ADDITIONAL PHYSICAL FORM ENTRY
Relationship information Online version:
Main entry heading Stokes, Mitch.
Title How to be an atheist
Place, publisher, and date of publication Wheaton : Crossway, 2016
International Standard Book Number 9781433542992
Record control number (DLC) 2015028645
906 ## - LOCAL DATA ELEMENT F, LDF (RLIN)
a 7
b cbc
c orignew
d 1
e ecip
f 20
g y-gencatlg
942 ## - ADDED ENTRY ELEMENTS (KOHA)
Source of classification or shelving scheme Library of Congress Classification
Koha item type General Collection
Holdings
Withdrawn status Lost status Source of classification or shelving scheme Not for loan Home library Current library Shelving location Date acquired Source of acquisition Inventory number Total Checkouts Full call number Barcode Date last seen Copy number Price effective from Koha item type
    Library of Congress Classification   Kabarak, Main Campus Kabarak, Main Campus General Stacks 03/07/2026 Donation 2026/3869   BT1212 .S76 2016 C.1 37888 03/07/2026 C.1 03/07/2026 General Collection